| 000 | 01407cam a2200265 i 4500 | ||
|---|---|---|---|
| 001 | 19364208 | ||
| 005 | 20260209070649.0 | ||
| 008 | 161104s2017 nyu b 001 0 eng | ||
| 010 | _a 2016051090 | ||
| 020 |
_a9780190675677 _q(pbk.) |
||
| 082 | _a343.09945 KAT | ||
| 100 | 1 | _aKatsh, M. Ethan | |
| 245 | 1 | 0 |
_aDigital justice : _btechnology and the internet of disputes / _cEthan Katsh and Orna Rabinovich-Einy |
| 264 | 1 |
_aNew York : _bOxford University Press, _c2017. |
|
| 300 |
_axv, 242 p. ; _c25 cm. |
||
| 505 | _aIntroduction Part I Online Dispute Resolution and Access to Justice Chapter 1 Online Dispute Resolution and Prevention: A Historical Overview Chapter 2 Access to Digital Justice Part II Between Digital Injustice and Digital Justice Chapter 3 E-commerce and the Internet of Money Chapter 4 The Internet of On-Demand Healthcare Chapter 5 The Challenge of Social and Anti-Social Media Chapter 6 Labor and the Network of Work Chapter 7 ODR in Courts and Other Public Institutions Conclusion: The Present and Future of Digital Justice and the Moving Frontier of Injustice | ||
| 650 | 0 |
_aLaw _xData processing. |
|
| 650 | 0 |
_aInformation technology _xLaw and legislation. |
|
| 650 | 0 | _aTechnology and law. | |
| 650 | 0 |
_aInternet _xLaw and legislation. |
|
| 650 | 0 |
_aComputer networks _xLaw and legislation. |
|
| 650 | 0 | _aTorts. | |
| 700 | 1 | _aRabinovich-Einy, Orna | |
| 942 |
_2ddc _cBK |
||
| 999 |
_c112035 _d112035 |
||